Virtuální polytechnická knihovna - Souborný katalog - Úplný záznam dokumentu - MARC Uživatel: --- 
-----nas  22-----zu 4500
001 SKVPK0031864
003 CZ-VPK
005 20260422131353.0
008 260422|||||||||||||| | |||  ||   |||||||
040   $aABA013$bcze
222  0$aOfficial architecture and planning
245 00$aOfficial architecture and planning
260   $aVelká Británie :$bLondon : Chantry Publ., /1960-1961London : Anstey Pres
      s / 1962-1972London : Architecture and Planning Publ.,$c953-1972
650 07$aarchitektura a urbanismus$xau$2psh
650 07$aekonomické vědy$xev$2psh
780 00$tOfficial architect and planning review
785 00$tBuilt environment$x0045-3463
910   $aABA013$bII 60226 Sklad$r1953-1966, 1968-1972
OAI-PMH
 čtvrtek 14.05.2026 08:23:00 © 2001-2015 Národní technická knihovna 

[Virtuální polytechnická knihovna] [Servisní centrum] [Souborný katalog]